[Event "XLIV Memoriał Szachowy Ludwika Zamenhofa 2025, Grupa B"]
[Site "Bialystok, Poland"]
[Date "2025.12.29"]
[Round "6.19"]
[White "Zielinski, Krzysztof"]
[Black "Kicinska, Magdalena"]
[Result "0-1"]
[TimeControl "90'+30\""]
[WhiteElo "1739"]
[BlackElo "1883"]

1. e4 {[%clk 01:28:49]} {[%emt 00:02:11]} c6 {[%clk 01:30:55]} {[%emt
00:00:05]} 2. d4 {[%clk 01:29:16]} {[%emt 00:00:03]} d5 {[%clk 01:31:19]}
{[%emt 00:00:06]} 3. exd5 {[%clk 01:29:42]} {[%emt 00:00:03]} cxd5 {[%clk
01:31:43]} {[%emt 00:00:06]} 4. c4 {[%clk 01:30:09]} {[%emt 00:00:03]} Nf6
{[%clk 01:32:06]} {[%emt 00:00:07]} 5. Nc3 {[%clk 01:30:35]} {[%emt 00:00:04]}
Nc6 {[%clk 01:32:31]} {[%emt 00:00:06]} 6. Bg5 {[%clk 01:31:00]} {[%emt
00:00:05]} Be6 {[%clk 01:31:50]} {[%emt 00:01:10]} 7. Nf3 {[%clk 01:29:14]}
{[%emt 00:02:15]} g6 {[%clk 01:31:34]} {[%emt 00:00:47]} 8. c5 {[%clk
01:26:39]} {[%emt 00:03:05]} Bg7 {[%clk 01:30:58]} {[%emt 00:01:05]} 9. Bb5
{[%clk 01:26:27]} {[%emt 00:00:42]} O-O {[%clk 01:30:30]} {[%emt 00:00:58]} 10.
O-O {[%clk 01:26:44]} {[%emt 00:00:13]} Bg4 {[%clk 01:24:28]} {[%emt 00:06:32]}
11. Bxc6 {[%clk 01:21:51]} {[%emt 00:05:23]} bxc6 {[%clk 01:24:37]} {[%emt
00:00:21]} 12. h3 {[%clk 01:22:09]} {[%emt 00:00:11]} Bxf3 {[%clk 01:20:17]}
{[%emt 00:04:50]} 13. Qxf3 {[%clk 01:22:31]} {[%emt 00:00:08]} Nd7 {[%clk
01:18:53]} {[%emt 00:01:54]} 14. Rad1 {[%clk 01:19:54]} {[%emt 00:03:06]} f6
{[%clk 01:16:41]} {[%emt 00:02:44]} 15. Bh4 {[%clk 01:18:50]} {[%emt 00:01:32]}
g5 {[%clk 01:12:14]} {[%emt 00:04:58]} 16. Bg3 {[%clk 01:19:10]} {[%emt
00:00:10]} f5 {[%clk 01:11:41]} {[%emt 00:01:03]} 17. Rfe1 {[%clk 01:17:00]}
{[%emt 00:02:39]} f4 {[%clk 01:08:46]} {[%emt 00:03:26]} 18. Bh2 {[%clk
01:17:19]} {[%emt 00:00:11]} e5 {[%clk 01:05:03]} {[%emt 00:04:14]} 19. dxe5
{[%clk 01:14:09]} {[%emt 00:03:40]} Nxe5 {[%clk 01:05:00]} {[%emt 00:00:33]} 20.
Qe2 {[%clk 01:13:08]} {[%emt 00:01:32]} Qa5 {[%clk 00:59:43]} {[%emt 00:05:48]}
21. Qh5 {[%clk 01:11:23]} {[%emt 00:02:14]} h6 {[%clk 00:47:48]} {[%emt
00:12:25]} 22. Rxe5 {[%clk 01:02:07]} {[%emt 00:09:45]} Bxe5 {[%clk 00:47:04]}
{[%emt 00:01:14]} 23. Qxh6 {[%clk 01:01:35]} {[%emt 00:01:02]} Qc7 {[%clk
00:44:26]} {[%emt 00:03:07]} 24. Qg6+ {[%clk 01:00:22]} {[%emt 00:01:43]} Bg7
{[%clk 00:41:48]} {[%emt 00:03:08]} 25. Qxg5 {[%clk 01:00:39]} {[%emt
00:00:13]} Rae8 {[%clk 00:41:26]} {[%emt 00:00:52]} 26. Qg4 {[%clk 01:00:06]}
{[%emt 00:01:04]} Qe5 {[%clk 00:40:04]} {[%emt 00:01:50]} 27. Kf1 {[%clk
00:58:45]} {[%emt 00:01:52]} Qb8 {[%clk 00:33:05]} {[%emt 00:07:29]} 28. b3
{[%clk 00:57:01]} {[%emt 00:02:14]} Qb4 {[%clk 00:30:07]} {[%emt 00:03:27]} 29.
Ne2 {[%clk 00:52:08]} {[%emt 00:05:24]} Qb5 {[%clk 00:24:09]} {[%emt 00:06:28]}
30. Ke1 {[%clk 00:45:33]} {[%emt 00:07:04]} f3 {[%clk 00:23:12]} {[%emt
00:01:28]} 31. Kf1 {[%clk 00:44:41]} {[%emt 00:00:32]} 0-1

[Event "XLIV Memoriał Szachowy Ludwika Zamenhofa 2025, Grupa B"]
[Site "Bialystok, Poland"]
[Date "2025.12.29"]
[Round "6.20"]
[White "Maciejewski, Kamil"]
[Black "Kalus, Franciszek"]
[Result "1-0"]
[TimeControl "90'+30\""]
[WhiteElo "2036"]
[BlackElo "1822"]

1. g3 {[%clk 01:30:43]} {[%emt 00:00:16]} Nf6 {[%clk 01:30:44]} {[%emt
00:00:16]} 2. c4 {[%clk 01:29:44]} {[%emt 00:01:29]} c5 {[%clk 01:31:01]}
{[%emt 00:00:13]} 3. Bg2 {[%clk 01:29:32]} {[%emt 00:00:43]} d5 {[%clk
01:30:44]} {[%emt 00:00:46]} 4. cxd5 {[%clk 01:27:16]} {[%emt 00:02:46]} Nxd5
{[%clk 01:31:04]} {[%emt 00:00:10]} 5. Nc3 {[%clk 01:25:54]} {[%emt 00:01:52]}
Nc7 {[%clk 01:31:29]} {[%emt 00:00:05]} 6. a3 {[%clk 01:20:43]} {[%emt
00:05:43]} e5 {[%clk 01:30:48]} {[%emt 00:01:10]} 7. b4 {[%clk 01:15:48]}
{[%emt 00:05:25]} cxb4 {[%clk 01:29:01]} {[%emt 00:02:17]} 8. axb4 {[%clk
01:16:09]} {[%emt 00:00:09]} Be7 {[%clk 01:29:06]} {[%emt 00:00:23]} 9. Nf3
{[%clk 01:10:29]} {[%emt 00:06:12]} Nd7 {[%clk 01:28:40]} {[%emt 00:00:55]} 10.
Qb3 {[%clk 01:07:13]} {[%emt 00:03:47]} O-O {[%clk 01:28:02]} {[%emt 00:01:06]}
11. O-O {[%clk 01:05:48]} {[%emt 00:01:56]} Bf6 {[%clk 01:27:56]} {[%emt
00:00:36]} 12. Ne4 {[%clk 01:03:08]} {[%emt 00:03:11]} Re8 {[%clk 01:27:59]}
{[%emt 00:00:26]} 13. Bb2 {[%clk 00:53:19]} {[%emt 00:10:20]} Nb6 {[%clk
01:27:14]} {[%emt 00:01:13]} 14. Nxf6+ {[%clk 00:49:47]} {[%emt 00:04:03]} gxf6
{[%clk 01:26:28]} {[%emt 00:01:16]} 15. d3 {[%clk 00:38:31]} {[%emt 00:11:47]}
Be6 {[%clk 01:26:41]} {[%emt 00:00:17]} 16. Qd1 {[%clk 00:35:09]} {[%emt
00:03:51]} Nb5 {[%clk 01:24:54]} {[%emt 00:02:17]} 17. Qd2 {[%clk 00:32:22]}
{[%emt 00:03:17]} Qd6 {[%clk 01:24:34]} {[%emt 00:00:51]} 18. Nxe5 {[%clk
00:28:11]} {[%emt 00:04:40]} Nd4 {[%clk 01:23:34]} {[%emt 00:01:29]} 19. Bxd4
{[%clk 00:26:07]} {[%emt 00:02:35]} Qxd4 {[%clk 01:22:46]} {[%emt 00:01:19]} 20.
Nf3 {[%clk 00:26:12]} {[%emt 00:00:25]} Qd7 {[%clk 01:22:58]} {[%emt 00:00:18]}
21. Qh6 {[%clk 00:24:45]} {[%emt 00:01:57]} Qe7 {[%clk 01:23:12]} {[%emt
00:00:17]} 22. Nh4 {[%clk 00:21:44]} {[%emt 00:03:30]} Nd5 {[%clk 01:22:37]}
{[%emt 00:01:04]} 23. Be4 {[%clk 00:17:49]} {[%emt 00:04:25]} f5 {[%clk
01:22:38]} {[%emt 00:00:30]} 24. Nxf5 {[%clk 00:15:18]} {[%emt 00:03:02]} Qf6
{[%clk 01:22:19]} {[%emt 00:00:48]} 25. Bxd5 {[%clk 00:12:25]} {[%emt
00:03:23]} Qxf5 {[%clk 01:22:40]} {[%emt 00:00:10]} 26. Bxb7 {[%clk 00:11:07]}
{[%emt 00:01:47]} Rab8 {[%clk 01:23:06]} {[%emt 00:00:04]} 27. Bc6 {[%clk
00:08:08]} {[%emt 00:03:30]} Re7 {[%clk 01:23:17]} {[%emt 00:00:19]} 28. Ra5
{[%clk 00:07:58]} {[%emt 00:00:40]} 1-0

[Event "XLIV Memoriał Szachowy Ludwika Zamenhofa 2025, Grupa B"]
[Site "Bialystok, Poland"]
[Date "2025.12.29"]
[Round "6.21"]
[White "Czarnowicz, Michal"]
[Black "Kaminski, Maciej"]
[Result "1-0"]
[TimeControl "90'+30\""]
[WhiteElo "1827"]
[BlackElo "1884"]

1. d4 {[%clk 01:30:58]} {[%emt 00:00:01]} Nf6 {[%clk 01:30:51]} {[%emt
00:00:09]} 2. c4 {[%clk 01:31:23]} {[%emt 00:00:05]} e5 {[%clk 01:31:16]}
{[%emt 00:00:05]} 3. dxe5 {[%clk 01:31:47]} {[%emt 00:00:06]} Ng4 {[%clk
01:31:40]} {[%emt 00:00:06]} 4. Bf4 {[%clk 01:32:05]} {[%emt 00:00:11]} g5
{[%clk 01:31:41]} {[%emt 00:00:30]} 5. Bg3 {[%clk 01:32:20]} {[%emt 00:00:15]}
Bg7 {[%clk 01:31:56]} {[%emt 00:00:15]} 6. Nf3 {[%clk 01:32:04]} {[%emt
00:00:46]} Nc6 {[%clk 01:31:41]} {[%emt 00:00:46]} 7. Nc3 {[%clk 01:31:53]}
{[%emt 00:00:41]} Ngxe5 {[%clk 01:29:37]} {[%emt 00:02:33]} 8. Nxe5 {[%clk
01:31:42]} {[%emt 00:00:42]} Nxe5 {[%clk 01:29:59]} {[%emt 00:00:08]} 9. e3
{[%clk 01:32:02]} {[%emt 00:00:10]} h5 {[%clk 01:30:10]} {[%emt 00:00:19]} 10.
h4 {[%clk 01:30:04]} {[%emt 00:02:28]} g4 {[%clk 01:28:37]} {[%emt 00:02:03]}
11. Be2 {[%clk 01:22:30]} {[%emt 00:08:04]} d6 {[%clk 01:27:29]} {[%emt
00:01:37]} 12. c5 {[%clk 01:22:34]} {[%emt 00:00:27]} dxc5 {[%clk 01:10:29]}
{[%emt 00:17:30]} 13. Qxd8+ {[%clk 01:22:53]} {[%emt 00:00:10]} Kxd8 {[%clk
01:10:53]} {[%emt 00:00:06]} 14. O-O-O+ {[%clk 01:23:06]} {[%emt 00:00:17]} Bd7
{[%clk 01:10:07]} {[%emt 00:01:16]} 15. Rd5 {[%clk 01:22:47]} {[%emt 00:00:48]}
Re8 {[%clk 01:03:37]} {[%emt 00:07:01]} 16. Rhd1 {[%clk 01:19:00]} {[%emt
00:04:16]} Re7 {[%clk 01:02:08]} {[%emt 00:02:00]} 17. Rxc5 {[%clk 01:15:22]}
{[%emt 00:04:08]} c6 {[%clk 00:57:05]} {[%emt 00:05:34]} 18. Ne4 {[%clk
01:02:16]} {[%emt 00:13:34]} b6 {[%clk 00:47:39]} {[%emt 00:09:56]} 19. Bxe5
{[%clk 00:55:58]} {[%emt 00:06:48]} bxc5 {[%clk 00:43:41]} {[%emt 00:04:29]} 20.
Bxg7 {[%clk 00:56:16]} {[%emt 00:00:11]} Rxe4 {[%clk 00:44:04]} {[%emt
00:00:07]} 21. Bd3 {[%clk 00:56:39]} {[%emt 00:00:07]} Rb4 {[%clk 00:44:27]}
{[%emt 00:00:07]} 22. Bc3 {[%clk 00:53:46]} {[%emt 00:03:23]} Ke7 {[%clk
00:29:06]} {[%emt 00:15:51]} 23. Bxb4 {[%clk 00:52:13]} {[%emt 00:02:03]} cxb4
{[%clk 00:29:28]} {[%emt 00:00:07]} 24. Bc4 {[%clk 00:52:03]} {[%emt 00:00:40]}
Be6 {[%clk 00:29:11]} {[%emt 00:00:49]} 25. Bxe6 {[%clk 00:44:40]} {[%emt
00:07:52]} fxe6 {[%clk 00:25:17]} {[%emt 00:04:23]} 26. Kc2 {[%clk 00:44:57]}
{[%emt 00:00:13]} a5 {[%clk 00:23:02]} {[%emt 00:02:46]} 27. Kb3 {[%clk
00:45:18]} {[%emt 00:00:08]} Rf8 {[%clk 00:23:22]} {[%emt 00:00:10]} 28. Rd2
{[%clk 00:45:41]} {[%emt 00:00:07]} Rf5 {[%clk 00:23:04]} {[%emt 00:00:49]} 29.
Kc4 {[%clk 00:45:38]} {[%emt 00:00:33]} Re5 {[%clk 00:22:13]} {[%emt 00:01:21]}
30. g3 {[%clk 00:44:35]} {[%emt 00:01:33]} Rf5 {[%clk 00:19:05]} {[%emt
00:03:39]} 31. e4 {[%clk 00:42:09]} {[%emt 00:02:55]} Re5 {[%clk 00:17:39]}
{[%emt 00:01:55]} 32. Kd4 {[%clk 00:42:17]} {[%emt 00:00:21]} Kd6 {[%clk
00:16:24]} {[%emt 00:01:46]} 33. Ke3+ {[%clk 00:42:29]} {[%emt 00:00:19]} Ke7
{[%clk 00:15:25]} {[%emt 00:01:29]} 34. Rc2 {[%clk 00:28:49]} {[%emt 00:14:10]}
Kd7 {[%clk 00:15:34]} {[%emt 00:00:21]} 35. Kf4 {[%clk 00:26:45]} {[%emt
00:02:33]} Rb5 {[%clk 00:15:44]} {[%emt 00:00:20]} 36. b3 {[%clk 00:27:07]}
{[%emt 00:00:08]} Kd6 {[%clk 00:14:01]} {[%emt 00:02:14]} 37. Rc4 {[%clk
00:25:39]} {[%emt 00:01:58]} Kd7 {[%clk 00:10:41]} {[%emt 00:03:50]} 38. f3
{[%clk 00:24:46]} {[%emt 00:01:23]} gxf3 {[%clk 00:09:49]} {[%emt 00:01:21]} 39.
Kxf3 {[%clk 00:25:14]} {[%emt 00:00:01]} Kd6 {[%clk 00:09:59]} {[%emt
00:00:21]} 40. Kf4 {[%clk 00:25:10]} {[%emt 00:00:34]} Rb8 {[%clk 00:09:58]}
{[%emt 00:00:32]} 41. Rd4+ {[%clk 00:22:35]} {[%emt 00:03:05]} Ke7 {[%clk
00:10:18]} {[%emt 00:00:10]} 42. g4 {[%clk 00:20:52]} {[%emt 00:02:13]} Rf8+
{[%clk 00:09:55]} {[%emt 00:00:54]} 43. Kg3 {[%clk 00:21:13]} {[%emt 00:00:08]}
hxg4 {[%clk 00:10:02]} {[%emt 00:00:23]} 44. h5 {[%clk 00:20:40]} {[%emt
00:01:02]} c5 {[%clk 00:07:08]} {[%emt 00:03:25]} 45. Rd2 {[%clk 00:20:53]}
{[%emt 00:00:17]} a4 {[%clk 00:06:53]} {[%emt 00:00:45]} 46. bxa4 {[%clk
00:18:23]} {[%emt 00:02:59]} Ra8 {[%clk 00:05:44]} {[%emt 00:01:39]} 47. h6
{[%clk 00:18:27]} {[%emt 00:00:27]} Kf6 {[%clk 00:05:52]} {[%emt 00:00:22]} 48.
h7 {[%clk 00:16:43]} {[%emt 00:02:14]} Kg6 {[%clk 00:04:42]} {[%emt 00:01:41]}
49. Rh2 {[%clk 00:15:18]} {[%emt 00:01:54]} Kg7 {[%clk 00:03:50]} {[%emt
00:01:22]} 50. h8=Q+ {[%clk 00:15:09]} {[%emt 00:00:39]} Rxh8 {[%clk 00:04:14]}
{[%emt 00:00:05]} 51. Rxh8 {[%clk 00:15:32]} {[%emt 00:00:07]} Kxh8 {[%clk
00:04:41]} {[%emt 00:00:04]} 52. a5 {[%clk 00:15:53]} {[%emt 00:00:09]} c4
{[%clk 00:04:57]} {[%emt 00:00:14]} 53. a6 {[%clk 00:16:19]} {[%emt 00:00:04]}
b3 {[%clk 00:05:20]} {[%emt 00:00:07]} 54. axb3 {[%clk 00:15:54]} {[%emt
00:00:54]} 1-0

[Event "XLIV Memoriał Szachowy Ludwika Zamenhofa 2025, Grupa B"]
[Site "Bialystok, Poland"]
[Date "2025.12.29"]
[Round "6.22"]
[White "Wons, Krystian"]
[Black "Fudala, Dominik"]
[Result "1/2-1/2"]
[TimeControl "90'+30\""]
[WhiteElo "1807"]
[BlackElo "1877"]

1. d4 {[%clk 01:24:44]} {[%emt 00:06:14]} d5 {[%clk 01:30:51]} {[%emt
00:00:09]} 2. c4 {[%clk 01:25:08]} {[%emt 00:00:07]} c6 {[%clk 01:31:15]}
{[%emt 00:00:06]} 3. Nc3 {[%clk 01:25:34]} {[%emt 00:00:03]} Nf6 {[%clk
01:31:29]} {[%emt 00:00:16]} 4. cxd5 {[%clk 01:25:50]} {[%emt 00:00:14]} cxd5
{[%clk 01:31:53]} {[%emt 00:00:07]} 5. Bf4 {[%clk 01:26:12]} {[%emt 00:00:08]}
Nc6 {[%clk 01:32:02]} {[%emt 00:00:20]} 6. e3 {[%clk 01:26:23]} {[%emt
00:00:19]} a6 {[%clk 01:32:24]} {[%emt 00:00:08]} 7. Nf3 {[%clk 01:26:39]}
{[%emt 00:00:14]} Bg4 {[%clk 01:30:41]} {[%emt 00:02:14]} 8. Bd3 {[%clk
01:26:35]} {[%emt 00:00:33]} e6 {[%clk 01:30:32]} {[%emt 00:00:39]} 9. O-O
{[%clk 01:26:42]} {[%emt 00:00:23]} Bd6 {[%clk 01:30:11]} {[%emt 00:00:51]} 10.
Bxd6 {[%clk 01:26:32]} {[%emt 00:00:41]} Qxd6 {[%clk 01:30:28]} {[%emt
00:00:13]} 11. h3 {[%clk 01:26:49]} {[%emt 00:00:12]} Bh5 {[%clk 01:30:35]}
{[%emt 00:00:23]} 12. a3 {[%clk 01:26:20]} {[%emt 00:01:00]} O-O {[%clk
01:30:38]} {[%emt 00:00:26]} 13. Na4 {[%clk 01:26:16]} {[%emt 00:00:34]} Ne4
{[%clk 01:11:02]} {[%emt 00:20:05]} 14. b4 {[%clk 01:24:55]} {[%emt 00:01:51]}
b5 {[%clk 01:07:20]} {[%emt 00:04:13]} 15. Nc5 {[%clk 01:24:42]} {[%emt
00:00:43]} Bxf3 {[%clk 01:07:20]} {[%emt 00:00:29]} 16. gxf3 {[%clk 01:23:18]}
{[%emt 00:01:52]} Nxc5 {[%clk 01:07:05]} {[%emt 00:00:47]} 17. bxc5 {[%clk
01:20:12]} {[%emt 00:03:35]} Qd8 {[%clk 01:05:34]} {[%emt 00:02:01]} 18. f4
{[%clk 01:18:23]} {[%emt 00:02:20]} f5 {[%clk 01:04:14]} {[%emt 00:01:50]} 19.
Kh2 {[%clk 01:17:42]} {[%emt 00:01:11]} Qc7 {[%clk 00:39:23]} {[%emt 00:25:21]}
20. Qf3 {[%clk 01:07:00]} {[%emt 00:11:11]} 1/2-1/2

[Event "XLIV Memoriał Szachowy Ludwika Zamenhofa 2025, Grupa B"]
[Site "Bialystok, Poland"]
[Date "2025.12.29"]
[Round "6.23"]
[White "Lenkov, Stanislav"]
[Black "Pojawa, Jakub"]
[Result "0-1"]
[TimeControl "90'+30\""]
[WhiteElo "1769"]
[BlackElo "1858"]

1. e4 {[%clk 01:30:54]} {[%emt 00:00:04]} e6 {[%clk 01:30:58]} {[%emt
00:00:03]} 2. d4 {[%clk 01:31:09]} {[%emt 00:00:14]} d5 {[%clk 01:31:25]}
{[%emt 00:00:04]} 3. Nc3 {[%clk 01:31:16]} {[%emt 00:00:22]} Nf6 {[%clk
01:31:51]} {[%emt 00:00:04]} 4. e5 {[%clk 01:31:34]} {[%emt 00:00:13]} Nfd7
{[%clk 01:32:18]} {[%emt 00:00:04]} 5. Nce2 {[%clk 01:31:53]} {[%emt 00:00:10]}
c5 {[%clk 01:32:41]} {[%emt 00:00:07]} 6. c3 {[%clk 01:32:19]} {[%emt
00:00:03]} Nc6 {[%clk 01:33:09]} {[%emt 00:00:03]} 7. Nf3 {[%clk 01:32:37]}
{[%emt 00:00:11]} Be7 {[%clk 01:27:42]} {[%emt 00:05:57]} 8. a3 {[%clk
01:31:32]} {[%emt 00:01:35]} Qa5 {[%clk 01:26:22]} {[%emt 00:01:51]} 9. Bd2
{[%clk 01:26:54]} {[%emt 00:05:08]} Qb6 {[%clk 01:26:26]} {[%emt 00:00:27]} 10.
Bc1 {[%clk 01:25:59]} {[%emt 00:01:25]} Qa5 {[%clk 01:26:49]} {[%emt 00:00:07]}
11. Bd2 {[%clk 01:15:52]} {[%emt 00:10:37]} Qb6 {[%clk 01:26:46]} {[%emt
00:00:32]} 12. Bc1 {[%clk 01:14:30]} {[%emt 00:01:52]} c4 {[%clk 01:26:57]}
{[%emt 00:00:21]} 13. Nf4 {[%clk 01:14:25]} {[%emt 00:00:34]} Na5 {[%clk
01:27:01]} {[%emt 00:00:26]} 14. Be2 {[%clk 01:14:08]} {[%emt 00:00:47]} Nf8
{[%clk 01:27:08]} {[%emt 00:00:23]} 15. O-O {[%clk 01:13:36]} {[%emt 00:01:01]}
Ng6 {[%clk 01:27:05]} {[%emt 00:00:34]} 16. Qc2 {[%clk 01:10:57]} {[%emt
00:03:09]} Bd7 {[%clk 01:26:00]} {[%emt 00:01:36]} 17. Nxg6 {[%clk 01:09:28]}
{[%emt 00:01:59]} hxg6 {[%clk 01:26:21]} {[%emt 00:00:08]} 18. Bd1 {[%clk
01:07:27]} {[%emt 00:02:31]} Nb3 {[%clk 01:23:06]} {[%emt 00:03:46]} 19. Rb1
{[%clk 01:07:50]} {[%emt 00:00:07]} Ba4 {[%clk 01:18:47]} {[%emt 00:04:49]} 20.
Qe2 {[%clk 01:08:16]} {[%emt 00:00:03]} O-O-O {[%clk 01:18:01]} {[%emt
00:01:16]} 21. Bc2 {[%clk 00:53:11]} {[%emt 00:15:35]} Rh5 {[%clk 01:13:44]}
{[%emt 00:04:48]} 22. Bf4 {[%clk 00:47:14]} {[%emt 00:06:27]} Rdh8 {[%clk
01:10:14]} {[%emt 00:03:59]} 23. Nd2 {[%clk 00:44:48]} {[%emt 00:02:57]} Nxd4
{[%clk 01:08:23]} {[%emt 00:02:22]} 24. cxd4 {[%clk 00:45:09]} {[%emt
00:00:08]} Bxc2 {[%clk 01:08:47]} {[%emt 00:00:05]} 25. Nxc4 {[%clk 00:45:32]}
{[%emt 00:00:07]} dxc4 {[%clk 01:08:52]} {[%emt 00:00:26]} 26. Qxc2 {[%clk
00:45:59]} {[%emt 00:00:02]} Qxd4 {[%clk 01:08:58]} {[%emt 00:00:24]} 27. Bg3
{[%clk 00:44:11]} {[%emt 00:02:19]} Bh4 {[%clk 01:07:35]} {[%emt 00:01:52]} 28.
Rbc1 {[%clk 00:43:44]} {[%emt 00:00:58]} b5 {[%clk 01:07:31]} {[%emt 00:00:34]}
29. Rfd1 {[%clk 00:41:52]} {[%emt 00:02:23]} Qc5 {[%clk 01:07:28]} {[%emt
00:00:24]} 30. Qe4 {[%clk 00:36:33]} {[%emt 00:05:57]} Kb8 {[%clk 00:51:01]}
{[%emt 00:16:57]} 31. b4 {[%clk 00:25:05]} {[%emt 00:11:58]} Qc7 {[%clk
00:47:21]} {[%emt 00:04:08]} 32. Bf4 {[%clk 00:20:27]} {[%emt 00:05:09]} Be7
{[%clk 00:44:33]} {[%emt 00:03:17]} 33. a4 {[%clk 00:18:55]} {[%emt 00:02:03]}
Rc8 {[%clk 00:37:43]} {[%emt 00:07:20]} 34. axb5 {[%clk 00:18:39]} {[%emt
00:00:47]} Bxb4 {[%clk 00:30:10]} {[%emt 00:08:03]} 35. Rb1 {[%clk 00:16:25]}
{[%emt 00:02:44]} Bc5 {[%clk 00:30:14]} {[%emt 00:00:25]} 36. Rbc1 {[%clk
00:14:37]} {[%emt 00:02:19]} Rhh8 {[%clk 00:26:20]} {[%emt 00:04:24]} 37. Rd2
{[%clk 00:13:42]} {[%emt 00:01:25]} Rhd8 {[%clk 00:25:36]} {[%emt 00:01:14]} 38.
Rdc2 {[%clk 00:13:20]} {[%emt 00:00:51]} Rd4 {[%clk 00:25:40]} {[%emt
00:00:25]} 39. Qf3 {[%clk 00:13:31]} {[%emt 00:00:20]} Qb7 {[%clk 00:23:42]}
{[%emt 00:02:27]} 40. Qg3 {[%clk 00:12:00]} {[%emt 00:02:01]} Qd5 {[%clk
00:23:34]} {[%emt 00:00:38]} 41. Re1 {[%clk 00:11:22]} {[%emt 00:01:08]} Bb4
{[%clk 00:22:24]} {[%emt 00:01:41]} 42. Rf1 {[%clk 00:11:37]} {[%emt 00:00:15]}
Rd1 {[%clk 00:21:59]} {[%emt 00:00:55]} 43. Rc1 {[%clk 00:11:56]} {[%emt
00:00:11]} Rxf1+ {[%clk 00:22:17]} {[%emt 00:00:12]} 44. Rxf1 {[%clk 00:12:16]}
{[%emt 00:00:10]} Qd3 {[%clk 00:21:15]} {[%emt 00:01:29]} 45. Be3 {[%clk
00:12:27]} {[%emt 00:00:23]} Qd5 {[%clk 00:19:06]} {[%emt 00:02:36]} 46. b6
{[%clk 00:11:45]} {[%emt 00:01:14]} a5 {[%clk 00:18:48]} {[%emt 00:00:48]} 47.
Qf4 {[%clk 00:11:49]} {[%emt 00:00:26]} Qd7 {[%clk 00:16:19]} {[%emt 00:02:52]}
48. Qf3 {[%clk 00:10:55]} {[%emt 00:01:32]} Qb7 {[%clk 00:16:35]} {[%emt
00:00:10]} 49. Qd1 {[%clk 00:10:56]} {[%emt 00:00:30]} c3 {[%clk 00:16:10]}
{[%emt 00:00:57]} 50. Qb3 {[%clk 00:10:59]} {[%emt 00:00:24]} Qd5 {[%clk
00:15:52]} {[%emt 00:00:50]} 51. Qc2 {[%clk 00:11:22]} {[%emt 00:00:08]} Rd8
{[%clk 00:15:47]} {[%emt 00:00:35]} 52. Qe2 {[%clk 00:11:25]} {[%emt 00:00:19]}
Qd3 {[%clk 00:13:09]} {[%emt 00:03:16]} 53. Qf3 {[%clk 00:11:34]} {[%emt
00:00:21]} Rd7 {[%clk 00:13:06]} {[%emt 00:00:33]} 54. Qc6 {[%clk 00:10:51]}
{[%emt 00:01:13]} Qd5 {[%clk 00:13:04]} {[%emt 00:00:31]} 55. Qa4 {[%clk
00:10:59]} {[%emt 00:00:23]} Kb7 {[%clk 00:12:42]} {[%emt 00:00:53]} 56. h3
{[%clk 00:11:15]} {[%emt 00:00:13]} Qc6 {[%clk 00:12:44]} {[%emt 00:00:28]} 57.
Qb3 {[%clk 00:11:30]} {[%emt 00:00:14]} Rd5 {[%clk 00:11:57]} {[%emt 00:01:15]}
58. f4 {[%clk 00:09:37]} {[%emt 00:02:26]} Rd3 {[%clk 00:10:51]} {[%emt
00:01:34]} 59. Bf2 {[%clk 00:09:59]} {[%emt 00:00:09]} Rd2 {[%clk 00:10:16]}
{[%emt 00:01:05]} 60. Rc1 {[%clk 00:08:20]} {[%emt 00:01:45]} 0-1